El país de los poetas : (Record no. 196220)

MARC details
000 -LEADER
campo de control de longitud fija 01655nam a2200289 i 4500
001 - NÚMERO DE CONTROL
campo de control 196220
003 - IDENTIFICADOR DE NÚMERO DE CONTROL
campo de control ES-MaACL
005 - FECHA Y HORA DE LA ÚLTIMA TRANSACCIÓN
campo de control 20250722063158.0
008 - DATOS DE LONGITUD FIJA--INFORMACIÓN GENERAL
campo de control de longitud fija 240818q2015 sp ||||| |||| 00| 0 spa d
020 ## - NÚMERO INTERNACIONAL ESTÁNDAR DEL LIBRO
Número Internacional Estándar del Libro 9788468664026
020 ## - NÚMERO INTERNACIONAL ESTÁNDAR DEL LIBRO
Número Internacional Estándar del Libro 9788468664033
040 ## - FUENTE DE CATALOGACIÓN
Centro/agencia transcriptor ES-MaACL
245 03 - MENCIÓN DEL TÍTULO
Título El país de los poetas :
Resto del título Universidad Complutense /
Mención de responsabilidad, etc. prólogo de José Manuel Lucía Megías.
260 ## - PUBLICACIÓN, DISTRIBUCIÓN, ETC.
Lugar de publicación, distribución, etc. España :
Nombre del editor, distribuidor, etc. Bubok,
Fecha de publicación, distribución, etc. [2015]
300 ## - DESCRIPCIÓN FÍSICA
Extensión 80 páginas :
Dimensiones 21 cm.
336 ## - TIPO DE CONTENIDO
Fuente rdacontent
Término de tipo de contenido Texto
337 ## - TIPO DE MEDIO
Fuente rdamedia
Nombre/término del tipo de medio sin mediación
338 ## - TIPO DE SOPORTE
Fuente rdacarrier
Nombre/término del tipo de soporte volumen
520 ## - RESUMEN, ETC.
Sumario, etc. Este libro que ahora, descuidado lector, tienes entre las manos es la demostración de que son muchos los lugares propicios para la poesía. El país de los poetas se ha acercado, por primera vez, a la Universidad. Y lo ha hecho a la Universidad Complutense de Madrid, donde la poesía siempre ha estado presente dentro y fuera de sus aulas. Y así queremos que siga haciéndolo, llenando de poesía el futuro para que, año tras año, podamos ir describiendo en nuestro campus, en nuestra facultad, en nuestras aulas, los lugares propicios para la poesía, que son muchos. Infinitos. El país de los poetas ha comenzado con este libro su estancia complutense. Y ha venido para quedarse.
655 #7 - TERMINO DE INDIZACIÓN--GENERO/FORMA
Datos o término principal de género/forma Poesías
Fuente del término tgfbne
9 (RLIN) 176539
700 1# - ENTRADA AGREGADA--NOMBRE PERSONAL
Nombre de persona Lucía Megías, José Manuel,
Fechas asociadas al nombre 1967-
Término indicativo de función/relación Autor de introducción
9 (RLIN) 240291
852 ## - LOCALIZACIÓN
Ubicación ES-MaACL
Sublocalización o colección R.153506
Ubicación en estantería Depósito J
Donativo/Legado Donación: Editorial
Número de control de estantería N-9295
itemnumber 205343
942 ## - ELEMENTOS DE ENTRADA SECUNDARIOS (KOHA)
Tipo de ítem Koha Libro impreso
Suprimir en OPAC No
Holdings
Estatus retirado Estado de pérdida Fuente del sistema de clasificación o colocación Estado de daño No para préstamo Biblioteca de origen Biblioteca actual Ubicación en estantería Fecha de adquisición Fuente de adquisición Total de préstamos Signatura topográfica completa Código de barras Visto por última vez Precio de reemplazo Tipo de ítem Koha
    Clasificación decimal universal     Biblioteca del Ateneo de Madrid Biblioteca del Ateneo de Madrid Depósito J 09/05/2025 Donación   N-9295 101230021 09/05/2025 09/05/2025 Libro impreso